000 00989nam a2200301Ia 4500
003 OSt
005 20221007123946.0
006 a|||||r|||| 00| 0
007 ta
008 221006b |||||||| |||| 00| 0 eng d
020 _a9780470511176 (pbk)
024 _a83016
037 _b27, 16/12/2008, Aviva Books Company
_cTextbook
040 _aCDL
_cCDL
_beng
041 _2eng
_aeng
082 _aC9B3,7:35, P8 Carc
100 _aLevitt Malcolm H
_9717122
245 0 _aSpin dynamics:basics of nuclear magnetic resonance
250 _a2
260 _aChichester
_bJohn Wiley
_c2008
300 _axxv, 714p.
_ccm.
500 _aIncludes bibliographical references.; Appendix A-B, 599-679p.; Index 693-714p.
650 _a Nuclear magnetic resonance
_9717123
650 _a Nuclear spin
_9718206
650 _aPhysics
942 _hC9B3,7:35, P8 Carc
_cTB
_2CC
999 _c1212717
_d1212717